Регионална библиотека "Любен Каравелов" - Русе

Цитаделата на тайните | От студената война до зората на новото столетие (Запис номер 102808)

MARC детайли
000 -Лидер
Контролно поле с фиксирана дължина 02312nam a2200457 c 4500
003 - Код на организацията, давaща контролен номер
Контролно поле BLK
005 - Дата и час на последна редакция
Контролно поле 20240313160643.0
008 - Елементи от данни с фиксирана дължина
fixed length control field 180409b bul|||||r ||||||| ||bul||
010 ## - Наследен системен номер
LC control number KNG00107879000
020 ## - Международен стандартен номер на книга ISBN
Международен стандартен номер на книга ISBN 954-733-334-8
-- издат.: Прозорец
040 ## - Източник на каталожния запис
Идентификатор на билиотеката - собственик на записа BLK
041 ## - Код за език
Код за езика на текст/звукозапис или на отделно заглавие Български
Код за езика КДБФ Български
080 ## - УДК
Текстов определител УДК Шпионаж. Политическо влияние чрез тайни (разузнавателни) служби
УДК код - определител по УДК 327.84
УДК определител (73)
УДК - код + определител 327.84(73)
080 ## - УДК
Текстов определител УДК Разузнавателна служба. Тайна служба. Шпионаж. Разузнавателна информация. Вж и 327.84 ; 344.1
УДК код - определител по УДК 355.40
УДК определител (73)
УДК - код + определител 355.40(73)
080 ## - УДК
Текстов определител УДК Студена война
УДК код - определител по УДК 327.54
УДК определител
УДК - код + определител 327.54
100 1# - Редна дума - Автор
Автор Бамфорд, Джеймс
Авторска отговорност първи автор
R(LIN) 36254
139 ## - Редно поле
Редна дума Бамфорд, Джеймс
Авторски знак Балт - Б 24
245 10 - Сведения за заглавието
Заглавие Цитаделата на тайните
Подзаглавни данни Анатомия на свръхсекретната агенция за нац. сигурност
Редно поле (дума) Джеймс Бамфорд; прев. Боряна Николай Семкова-Вулова.
245 10 - Сведения за заглавието
Заглавие От студената война до зората на новото столетие
Подзаглавни данни
Редно поле (дума)
257 ## - Страна на издаване
Страна на създаване/издаване Съединени американски щати
260 ## - Област на издателските данни
-- София
Име на издателя, разпространителя и проч. Прозорец
Година на издаване 2003
Печатница София : Инвестпрес АД
300 ## - Физическа характеристика
Страници 638 с.
Размери/Мащаб 24 см
380 ## - Жанр
Жанр Обществени науки
490 1# - СЕРИИ (Колекции)
Име на серия Поредица Хроника
№: серия 42
500 ## - Общи забележки
Забележка Ориг. загл. Body of Secrets / James Bamford. - Офс. изд. - Съдържа Прил., Азб. показалец.
650 #4 - Допълнително описание по предмет – тема
Основно описание – тема или топоним Разузнаване - САЩ
9 (RLIN) 256640
650 #4 - Допълнително описание по предмет – тема
Основно описание – тема или топоним Национална сигурност - САЩ
9 (RLIN) 250721
650 #4 - Допълнително описание по предмет – тема
Основно описание – тема или топоним Студена война
9 (RLIN) 278784
651 #4 - Допълнително описание по предмет - топоним
Географско понятие САЩ
9 (RLIN) 179493
653 ## - Ключова дума – ненормативна
Ключова дума разузнаване
653 ## - Ключова дума – ненормативна
Ключова дума САЩ
653 ## - Ключова дума – ненормативна
Ключова дума национална сигурност
653 ## - Ключова дума – ненормативна
Ключова дума Студена война
700 ## - Други автори (авторска отговорност)
Лично име Семкова-Вулова, Боряна Николай
Друга информация Преводач от/на руски, английски и френски език
9 (RLIN) 244049
852 ## - Местоположение
Форматна сигнатура Цб 216044
856 4# - Електронен адрес и достъп
Електронен формат pdf - файл
Път до файла /url/
856 4# - Електронен адрес и достъп
Електронен формат pdf - файл
Път до файла /url/
942 ## - АРТИКУЛИ
Вид на библиотечния материал Книги
Скрит в OPAC Не
Koha issues (borrowed), all copies 4
944 ## - СЪЗДАВАНЕ И РЕДАКЦИЯ на ЗАПИСА
Създаване/Редакция Създаване
Дата на регистрацията/редакция 24.06.2003
Статус, дата на статуса Геновева Генчева
Служител, извършил регистрацията/редакцията 30560
944 ## - СЪЗДАВАНЕ И РЕДАКЦИЯ на ЗАПИСА
Създаване/Редакция Редакция
Дата на регистрацията/редакция 25.10.2011
Статус, дата на статуса ф /
Служител, извършил регистрацията/редакцията
999 ## - СИСТЕМНИ КОНТРОЛНИ НОМЕРА
Koha biblionumber 102808
Koha biblioitemnumber 102808
Наличности
Код за отписване Код за изгубен артикул Код за повреда Коз за рестрикции Код за отдаване Артикулен № Име на библиотеката - собственик Име на библиотеката, в която се намира в момента Статус (Текущо местоположение) Дата на вписване в системата Местоположение - отдел Цена в лева Инвентарен номер Систематично азбучна сигнатура Баркод Номер на екземпляра Цена в евро Служебна бележка Служебен тип на артикула
  Не е изгубен Не е повреден без рестрикции заемане за дома 165985 Регионална библиотека "Любен Каравелов" Русе Регионална библиотека "Любен Каравелов" Русе Заемна - подръчен фонд 2003-09-15 Заемна - подръчен фонд 17.90 120000678689 П 327.8/Б 24 120000678689 1 9.15 Дост: Pk Вид: Ф N: 27 Дата: 15.09.2003 Дата инв: 19.02.2018 Бележки инв: П2018 Книги
  Не е изгубен Не е повреден без рестрикции ползва се в читалня 165986 Регионална библиотека "Любен Каравелов" Русе Регионална библиотека "Любен Каравелов" Русе Хранилище 2011-10-17 Основен фонд - ползва се само за читалня 17.90 120000753622 Цб 216044 120000753622 2 9.15 Дост: DA Вид: А N: 15 Дата: 17.10.2011 Книги
Vip Innovations Ltd, Rousse, Bulgaria 2025